000 00784nam a2200253 a 4500
001 000010590
003 DO-SdBNP
005 20251020115815.0
008 091008s1998 dr a r 000 p spa d
040 _aDO-SdBNP
_bspa
_cBNPHU
082 4 _aRD861.44
_bN124o
_222
100 1 _aNacidit-Perdomo, Ylonka
_923142
245 1 0 _aOctubre /
_cYlonka Nacidit-Perdomo.
260 _aSanto Domingo :
264 4 _aSanto Domingo, República Dominicana :
_bCCLEH,
_c1998.
300 _a73 páginas :
_bilustraciones ;
_c19 cm.
336 _atexto
_btxt
_2rdacontent
490 0 _aCotidianas de estival
590 _aInventariado, 2023/MFF
650 4 _aPoesía dominicana
_966
650 0 _aLiteratura dominicana.
_967
910 _aValidado. Control de calidad MFF
942 _2ddc
_cLBS1
999 _c10348
_d10348